| 000 | 00371pab a2200133 454500 | ||
|---|---|---|---|
| 008 | 180718b1987 xxu||||| |||| 00| 0 eng d | ||
| 245 | _aSpecial issue on perspectives on tribal development | ||
| 260 | _c1987 | ||
| 300 | _a91-186 | ||
| 362 | _aApr.-Jun. | ||
| 650 | _aTribes and Tribal System - India | ||
| 773 | _aJournal of Social and Economic Studies | ||
| 909 | _a19686 | ||
| 999 |
_c19686 _d19686 |
||